Statistics for Types of rollercoaster inversion

Click here to take the quiz!

General Stats

  • This quiz has been taken 90 times
  • The average score is 8 of 21

Answer Stats

Answer% Correct
Corkscrew
89%
zero-g roll
73%
Cobra roll
72%
Dive loop
70%
Immelman
69%
Vertical loop
68%
Heartline roll
62%
Batwing
47%
Barrel roll
40%
Pretzel loop
37%
Sea serpent
31%
Sidewinder
27%
Butterfly
20%
Jojo roll
20%
Flying snake dive
19%
Inclined loop
19%
Dive drop
16%
Bowtie
10%
Norwegian loop
9%
Raven turn
7%
Roll over
5%

Score Distribution

Percentile by Number Answered

Percent of People with Each Score

Your Score History

You have not taken this quiz